000
00311nam a2200109Ia 4500
008
220216s9999 xx 000 0 und d
100
_a
Haridasan V
245
0
_a
Commercial evaluation of rubber wood and seed in India
260
_b
Rubber Board, Kottayam. 1974
_c
1974
700
_a
Krishnankutty P N
942
_c
BO
999
_c
48251
_d
48251